Normal view
MARC view
- Supervisor: Prof. Dr. Syed Ali Hassan
Entry Personal Name
001 - CONTROL NUMBER
- control field: 98761
003 - CONTROL NUMBER IDENTIFIER
- control field: NUST
005 - DATE AND TIME OF LATEST TRANSACTION
- control field: 20220902094828.0
008 - FIXED-LENGTH DATA ELEMENTS
- fixed length control field: 220902|| aca||aabn | a|a d
040 ## - CATALOGING SOURCE
- Original cataloging agency: NUST
- Transcribing agency: NUST
100 ## - HEADING--PERSONAL NAME
- Personal name: Supervisor: Prof. Dr. Syed Ali Hassan
670 ## - SOURCE DATA FOUND
- Source citation: Work cat.: (NUST): Anjum, Mahnoor 98760, Quality of Experience Aware System Level Optimization of IRS Assisted 3D-interconnected Communication Systems Using Machine Learning
